000 00862nam a2200253Ia 4500
003 OSt
005 20220925232527.0
006 a|||||r|||| 00| 0
007 ta
008 220923b |||||||| |||| 00| 0 eng d
020 _a9789350593066
_c250.75
037 _b1799, 29/02/2016, Pranami Book Service
_cGeneral Book
040 _aRTL
_cRTL
_beng
041 _2eng
_aeng
082 _aX:57, Q2
100 _aINDIAN INSTITUTE OF BANKING AND FINANCE
_9297394
245 0 _aForeign exchange facilities for individuals
260 _aMumbai
_bMacmillan Publishers
_c2012
300 _aviii, 281p
_ccm.
490 _aRoutledge Contemporary South Asia Series
500 _aBibliography: P 195-232
942 _hX:57, Q2
_cGB
_2CC
999 _c591528
_d591528